| 000 | 00387nam a2200145Ia 4500 | ||
|---|---|---|---|
| 008 | 210716s2008 xx 000 0 und d | ||
| 041 | _aeng | ||
| 082 | _a658.4013 BHAK | ||
| 100 | _aBhat, K Shridhara. | ||
| 245 |
_aTotal quality management: text and cases. _bText and cases. |
||
| 250 | _a1 | ||
| 260 |
_aNew Delhi _bHimalaya Publishing House _c2008 |
||
| 300 | _a758 | ||
| 650 | _aTQM | ||
| 999 |
_c199779 _d199779 |
||